Sweet's CD : 2002 Winter /

Catálogo alfabético en tres CD-ROM que proporcionan de manera fácil productos en el mercado para profesionales de la construcción. Se pueden encontrar, comparar, seleccionar, especificar y tomar decisiones para la compra de productos en el mercado. Se puede obtener la información del producto dispon...

Täydet tiedot

Tallennettuna:
Bibliografiset tiedot
Yhteisötekijät: Sweets Group, McGraw-Hill Construction
Aineistotyyppi: Elektroninen
Kieli:englanti
Julkaistu: Nueva York, EUA : McGraw-Hill, 2002, c2002
Aiheet:
Tagit: Lisää tagi
Ei tageja, Lisää ensimmäinen tagi!

MARC

LEADER 00000nmm^a2200000^a^4500
001 000187650
005 20250521000000.0
009 20260310102310.456
037 |a Acervo ITESO - Biblioteca 
041 |a ING 
082 |a 721. 044  |b SWE CDS 2002 
110 |a Sweets Group 
240 1 1 |a [Sweet's CD] 
245 1 0 |a Sweet's CD :  |b 2002 Winter /  |c Sweets Group, McGraw-Hill Construction. 
264 4 |a Nueva York, EUA :  |b McGraw-Hill,  |c 2002, c2002 
300 |a 1 disco compacto de computadora 
336 |a datos para computadora  |b cod  |2 rdacontenido 
337 |a computadora  |b c  |2 rdamedio 
338 |a disco de computadora  |b cd  |2 rdasoporte 
520 |a Catálogo alfabético en tres CD-ROM que proporcionan de manera fácil productos en el mercado para profesionales de la construcción. Se pueden encontrar, comparar, seleccionar, especificar y tomar decisiones para la compra de productos en el mercado. Se puede obtener la información del producto disponible en impresión y en línea. 
649 |a XX 
650 |a Materiales de Construcción -  |z EUA -  |x Catálogos 
650 |a Industria de la Construcción -  |z EUA -  |x Catálogos 
650 |a Construcción -  |x Catálogos 
650 |a Negocios en Internet -  |z EUA 
650 |a Internet 
650 |a Arquitectura -  |x Catálogos 
650 |a Ingeniería Civil -  |x Catálogos 
710 |a McGraw-Hill Construction 
910 |a Fondo General 
920 |a Electrónicos - Recursos en Disco 
905 |a 207 
901 |a 0500130345  |b IT2  |c SWS  |u 20250521 
901 |a 0500130348  |b IT2  |c SWS  |u 20250521 
901 |a 0500130322  |b IT2  |c SWS  |u 20250521 
902 |a https://opac.biblio.iteso.mx/vufind/Record/000187650